000 00712nam a22001695i 4500
001 165938
003 ES-MaACL
005 20230906213231.0
008 050913s1880 hu | |||||||| ||ger d
040 _aCAM
_bspa
_cCAM
100 1 _aSzabó, Josef.
_9108980
245 1 3 _aDas Verhältniss der Nummulitformation zum Trachyt bei Vichnye (Eisenbach) nächst Schemnits /
_cvon Josef Szabó.
260 _aBudapest :
_bGebruder Legrady,
_c1880.
300 _a16 p. ;
_c25 cm.
595 _aSeparatabdruck aus dem "Földtani Közlöny", 9. Jahrgang, nummer 9-12.
852 _aES-MaACL
_jT-900-F-8
_z-- Enc. hol., falto de la enc. original
_z-- Legado de Federico de Botella y de Hornos
_z-- Enc. en un vol. facticio
999 _c165938
_d165938